<?xml version="1.0" encoding="UTF-8"?><marc:collection xmlns:marc="http://www.loc.gov/MARC21/slim">
  <marc:record>
    <marc:leader>00000nam##2200000za#4500</marc:leader>
    <marc:controlfield tag="001">9.666064</marc:controlfield>
    <marc:controlfield tag="003">CaOODSP</marc:controlfield>
    <marc:controlfield tag="005">20210615122618</marc:controlfield>
    <marc:controlfield tag="007">ta</marc:controlfield>
    <marc:controlfield tag="008">150407|2005||||xxc|||||     f|0| 0 fre|d</marc:controlfield>
    <marc:datafield tag="020" ind1=" " ind2=" ">
      <marc:subfield code="a">0-662-68629-2</marc:subfield>
    </marc:datafield>
    <marc:datafield tag="040" ind1=" " ind2=" ">
      <marc:subfield code="a">CaOODSP</marc:subfield>
      <marc:subfield code="b">fre</marc:subfield>
    </marc:datafield>
    <marc:datafield tag="041" ind1=" " ind2=" ">
      <marc:subfield code="a">eng</marc:subfield>
    </marc:datafield>
    <marc:datafield tag="041" ind1=" " ind2=" ">
      <marc:subfield code="a">fre</marc:subfield>
    </marc:datafield>
    <marc:datafield tag="043" ind1=" " ind2=" ">
      <marc:subfield code="a">n-cn---</marc:subfield>
    </marc:datafield>
    <marc:datafield tag="086" ind1="1" ind2=" ">
      <marc:subfield code="a">SW21-117/2005</marc:subfield>
    </marc:datafield>
    <marc:datafield tag="110" ind1="1" ind2=" ">
      <marc:subfield code="a">Canada. </marc:subfield>
      <marc:subfield code="b">Condition féminine Canada.</marc:subfield>
    </marc:datafield>
    <marc:datafield tag="245" ind1="1" ind2="0">
      <marc:subfield code="a">Sauvegarder les mesures d'équité en emploi à l'heure des accords de commerce / </marc:subfield>
      <marc:subfield code="c">[par] Lucie Lamarche, en collaboration avec Rémie Bachand, Aurélie Arnaud and Rachel Chagnon. </marc:subfield>
    </marc:datafield>
    <marc:datafield tag="260" ind1=" " ind2=" ">
      <marc:subfield code="a">Ottawa - Ontario : </marc:subfield>
      <marc:subfield code="b">Condition féminine Canada </marc:subfield>
      <marc:subfield code="c">2005.</marc:subfield>
    </marc:datafield>
    <marc:datafield tag="300" ind1=" " ind2=" ">
      <marc:subfield code="a">Texte français, x, 147p. : </marc:subfield>
      <marc:subfield code="b">tableaux ; </marc:subfield>
      <marc:subfield code="c">28 cm.</marc:subfield>
    </marc:datafield>
    <marc:datafield tag="500" ind1=" " ind2=" ">
      <marc:subfield code="a">«Le présent rapport de recherche fait suite à un appel de propositions lancé en août 2001, sous le thème «Les accords commerciaux et les femmes». D'autres recherches financés par Condition féminine Canada sur le même thème examinent, par exemple: les répercussions des engagements commerciaux du Canada qui ont trait à la mobilité de la main-d'oeuvre; l'effet des accords commerciaux sur les Canadiennes autochtones au plan social, économique, culturel et environnemental; la formulation de modèles canadiens devant permettre d'intégrer aux accords commerciaux des considérations liées à l'égalité entre les sexes; les répercussions des accords commerciaux sur les mesures proactives d'emploi qui visent les femmes dans le secteur privé canadien; ainsi que les effets des accords commerciaux sur les femmes handicapées. [...] Une liste complète des projets de recherche financés dans le cadre de cet appel de propositions se trouve à la fin du présent rapport.»--Préface.</marc:subfield>
    </marc:datafield>
    <marc:datafield tag="504" ind1=" " ind2=" ">
      <marc:subfield code="a">Bibliographie.</marc:subfield>
    </marc:datafield>
    <marc:datafield tag="520" ind1="3" ind2=" ">
      <marc:subfield code="a">Ce rapport examine l’impact des accords commerciaux sur les mesures d’équité en emploi visant les femmes dans le secteur privé au Canada. Il tente de déterminer si les engagements pris par le Canada en vertu de divers accords porteraient atteinte à sa capacité de maintenir des mesures nationales visant à promouvoir l’équité en emploi des Canadiennes. Il fait le point sur l’équité en emploi au Canada, examine les politiques d’équité en emploi au pays et les exigences découlant des accords commerciaux, évalue l’impact de ces accords sur la réglementation canadienne destinée à l’équité en emploi et fournit des recommandations.</marc:subfield>
    </marc:datafield>
    <marc:datafield tag="563" ind1=" " ind2=" ">
      <marc:subfield code="a">Couverture souple</marc:subfield>
    </marc:datafield>
    <marc:datafield tag="590" ind1=" " ind2=" ">
      <marc:subfield code="a">05-15</marc:subfield>
      <marc:subfield code="b">2005-04-15</marc:subfield>
    </marc:datafield>
    <marc:datafield tag="691" ind1="0" ind2="7">
      <marc:subfield code="a">Accord commercial</marc:subfield>
      <marc:subfield code="2">gcpds</marc:subfield>
    </marc:datafield>
    <marc:datafield tag="691" ind1="0" ind2="7">
      <marc:subfield code="a">Discrimination sexuelle</marc:subfield>
      <marc:subfield code="2">gcpds</marc:subfield>
    </marc:datafield>
    <marc:datafield tag="691" ind1="0" ind2="7">
      <marc:subfield code="a">Équité en matière d'emploi</marc:subfield>
      <marc:subfield code="2">gcpds</marc:subfield>
    </marc:datafield>
    <marc:datafield tag="691" ind1="0" ind2="7">
      <marc:subfield code="a">Femme</marc:subfield>
      <marc:subfield code="2">gcpds</marc:subfield>
    </marc:datafield>
    <marc:datafield tag="691" ind1="0" ind2="7">
      <marc:subfield code="a">Milieu de travail</marc:subfield>
      <marc:subfield code="2">gcpds</marc:subfield>
    </marc:datafield>
    <marc:datafield tag="776" ind1="0" ind2="#">
      <marc:subfield code="t">Sauvegarder les mesures d'équité en emploi à l'heure des accords de commerce / </marc:subfield>
      <marc:subfield code="w">(CaOODSP)9.631712</marc:subfield>
    </marc:datafield>
    <marc:datafield tag="776" ind1="0" ind2="#">
      <marc:subfield code="t">Retaining employment equity measures in trade agreements / </marc:subfield>
      <marc:subfield code="w">(CaOODSP)9.687257</marc:subfield>
    </marc:datafield>
    <marc:datafield tag="791" ind1=" " ind2=" ">
      <marc:subfield code="t">Retaining employment equity measures in trade agreements / </marc:subfield>
      <marc:subfield code="e">eng</marc:subfield>
      <marc:subfield code="w">(CaOODSP)9.666063</marc:subfield>
    </marc:datafield>
  </marc:record>
</marc:collection>
